000 00609nam a2200217Ia 4500
005 20260429112127.0
008 260429s9999||||xx |||||||||||||| ||und||
020 _a9789348610881
041 _aEnglish
082 _a294.5350
_bNAG
100 _aNagar, Shantilal
245 0 _aIndian gods and goddesses, Vol. 4 :
_bYogini shrines and saktipithas, Part 1 /
_cShantilal Nagar
250 _a1st ed.
260 _aDelhi :
_bB. R. Publishing Corporation,
_c2025.
300 _axiv, 284 p.; hb
440 _vPart 1
650 _a Saktipithas
650 _a Yogini
650 _aIndian gods
942 _cTB
999 _c52491
_d52491